000 00573nam a2200229Ia 4500
003 OSt
005 20220918194437.0
006 a|||||r|||| 00| 0
007 ta
008 220917b |||||||| |||| 00| 0 eng d
024 _a79,454
037 _cTextual
040 _aARTS
_cARTS
_beng
041 _2eng
_aeng
082 _aS:4, L2
100 _aGregg Lee W ed
_984937
245 0 _aKnowledge and cognition
260 _c1972
650 _aTHEORY OF KNOWLEDGE; PSYCHOLOGY
_98686
942 _hS:4, L2
_cTEXL
_2CC
999 _c203180
_d203180